000
00453nam a2200157Ia 4500
008
100122s9999 xx 000 0 und d
082
_b
23586
_a
822.08
100
_a
जोशी चिं वि
245
_a
मेषपात्रे
250
_a
0
260
_b
पंडित अनंत कुलकर्णी
_c
1961
300
_a
135
630
_a
मेषपात्रे
730
_a
मेषपात्रे
942
_c
BOOK
999
_c
411153
_d
411150